000 00363cam a22001217a 4500
008 180718b1989 xxu||||| |||| 00| 0 eng d
082 _aB136x54 CRS
100 _aRadhey shyam
245 _aIndia's framework for rural development: myth and reality
_cby Radhey Shyam
260 _aDelhi
_bCommonwealth
_c1989
300 _a112p.
650 _aRural development - India
999 _c354638
_d354638